Statistics for World in 1914 Map Quiz

Click here to take the quiz!

General Stats

  • This quiz has been taken 2,046 times
  • The average score is 49 of 59

Answers on the Map

Answers color-coded by a green-red scale on the quiz's map according to % correct below.
 

Answer Stats

Answer% Correct
Canada
96%
United States
95%
Mexico
94%
Brazil
90%
Argentina
89%
France
89%
Newfoundland
89%
United Kingdom
89%
Chile
88%
Russia
88%
Spain
88%
Cuba
87%
Denmark
87%
Colombia
86%
Germany
86%
Norway
86%
Peru
86%
Portugal
86%
Sweden
86%
Uruguay
86%
Venezuela
86%
Bolivia
85%
Italy
85%
Panama
85%
Dominican Republic
84%
Ecuador
84%
Monaco
83%
Paraguay
83%
China
82%
Haiti
82%
Netherlands
82%
Andorra
81%
Australia
81%
Austria-Hungary
81%
Japan
81%
Luxembourg
81%
South Africa
81%
Belgium
80%
Greece
80%
Ottoman Empire
80%
Costa Rica
79%
Guatemala
79%
Nepal
79%
San Marino
79%
El Salvador
78%
New Zealand
78%
Switzerland
78%
Nicaragua
77%
Persia
77%
Honduras
76%
Liberia
76%
Liechtenstein
76%
Bulgaria
75%
Siam
75%
Albania
73%
Romania
73%
Serbia
73%
Abyssinia
72%
Montenegro
69%

Score Distribution

Percentile by Number Answered

Percent of People with Each Score

Your Score History

You have not taken this quiz